Návrh a výroba komponentov upínacieho stavebnicového systému

Salvato in:
Dettagli Bibliografici
Autore principale: Kulifaj, Matej (Autore)
Altri autori: Moravčíková, Jana (Relatore della tesi)
Natura: Manoscritto Libro
Lingua:slovacco
Pubblicazione: 2017
Soggetti:
Accesso online:http://is.stuba.sk/zp/portal_zp.pl?podrobnosti=126821
Tags: Aggiungi Tag
Nessun Tag, puoi essere il primo ad aggiungerne!!

MARC

LEADER 00000ntm a22000003a 4500
001 stuzp62694
003 SK-STU
005 20170610210638.3
007 ta
008 150427s2015----xo-----f-mn---000-0-slo-d
040 |a STU  |b slo 
041 0 |a slo 
100 1 |a Kulifaj, Matej  |u 063000  |k Z4  |4 aut  |U MTF Materiálovotechnologická fakulta  |T MTF Ústav výrobných technológií  |X 70257  |U M3000  |Y 83  |7 70257 
242 0 1 |a Design and production of clamping modular system components  |y eng 
245 1 0 |a Návrh a výroba komponentov upínacieho stavebnicového systému 
260 |c 2017 
650 4 |a prípravky  |2 slo 
650 4 |a stavebnicové upínacie systémy  |2 slo 
650 4 |a výroba  |2 slo 
650 4 |a fixtures  |2 eng 
650 4 |a clamping system  |2 eng 
650 4 |a production  |2 eng 
700 1 |a Moravčíková, Jana  |u 063800  |k Z1  |4 ths  |U MTF Ústav výrobných technológií  |T MTF Katedra výrobných systémov, metrológie a montáže  |X 1526  |U M3800  |Y 660  |7 A000001526 
856 4 |u http://is.stuba.sk/zp/portal_zp.pl?podrobnosti=126821 
996 |c M* DP-13096  |l MMSKP  |s P  |a 0  |w stuzp62694_0001